000 00675nam a22002417a 4500
003 UA-OsUOA
001 100751
007 ta
008 20130530b un ||||| |||| 00| 0 ukr d
100 _aФедоров Е.
090 _a821.161.1
_bФ33
942 _cBK
040 _aUA-OsUOA
_brus
_cUA-OsUOA
_dUA-OsUOA
245 _aКаменный пояс
_bроман-трилогия
300 _a736 с.
955 _a3
041 _arus
080 _a821.161.1
260 _aМ.
_bПравда
_c1989
246 3 1 _aКн. 1 и 2
_nДемидовы. Наследники
650 7 _a82 Література. Літературознавство
_2UDC
999 _c386971
_d386971